LEADER 01614nam a2200313 u 4500 001 000000058483 003 CaOOAMICUS 005 20070226120710.0 008 010605s1996 it u000 u ita u 020 $a8886590059 035 $a10891489 040 $aPUL$bita$dPUL(R) 245 00$aAfrica ed Europa :$bdalla dipendenza alla cooperazione. 260 $aVicenza :$bEdizioni del Rezzara,$cc1996. 300 $a243 p. ;$c21 cm 500 $a"Il presente volume raccoglie, a cura di Maria Vittoria Nodari, gli atti del 28° convegno sui problemi internazionali, promosso dall'Istituto di scienze sociali "Nicoḷ Rezzara" di Vicenza, svoltosi a Recoaro Terme dall'8 al 10 settembre 1995". 504 $aBibliografia in nota. 650 4$aCooperazione internazionale.$0(OLS)http://pul/subject/14987 651 4$aAfrica$xStoria.$0(OLS)http://pul/subject/9917 700 1 $aNodari, Maria Vittoria.$0(OLS)http://pul/name/5409 710 2 $aIstituto di scienze sociali "Nicoḷ Rezzara" (Vicenza).$0(OLS)http://pul/name/7132 711 2 $aConvegno sui problemi internazionali$n(28 :$d1995 :$cRecoaro Terme).$0(OLS)http://pul/name/40575 850 $aPUL 852 $aPUL$W1$xDP2 Filosofia 3$y112$m960 NODMA 1$j176746$nBK-PRI$b $qDDC 21$B76399$CPULBib$Z2$F76399 $H84896 $81 941 1 $a9 961 $aPrecedente collocazione: Fil 83 996 $6020$a8886590059$9(OLS)http://pul/number/74123 996 $6245$aAfrica ed Europa :$bdalla dipendenza alla cooperazione$9(OLS)http://pul/title/78349 996 $6260$aVicenza :$bEdizioni del Rezzara$9(OLS)http://pul/publisher/50803 LEADER 01630nam a2200325 a 4500 001 000000170489 003 CaOOAMICUS 005 20181114115302.0 008 181114s1970 it u000 u ita r 032 $aLibriCat 040 $aPUL$bita 100 1 $aSturzo, Luigi,$csac.,$d1871-1959.$0(OLS)http://pul/name/5972 245 10$aDel metodo sociologico, 1950 ; Studi e polemiche di sociologia, 1933-1958 /$cLuigi Sturzo. 246 33$aStudi e polemiche di sociologia, 1933-1958 260 $aBologna :$bZanichelli,$c1970. 300 $aXIII, 322 p. ;$c24 cm. 490 1 $aOpera omnia. Prima serie. Opere ;$v12 490 1 $aOpera omnia di Luigi Sturzo. I Serie. Opere ;$v12 500 $aIn testa alla cop.: Pubblicazioni a cura dell'Istituto Luigi Sturzo. 504 $aInclude bibliografia di riferimento e indici. 650 4$aSociologia$xMetodologia.$0(OLS)http://pul/subject/16125 800 1 $aSturzo, Luigi,$csac.,$d1871-1959.$tOpera omnia.$pPrima serie. Opere ;$v12.$0(OLS)http://pul/nameTitle/1806$0(OLS)http://pul/name/5972$0(OLS)http://pul/title/173513 830 0$aOpera omnia di Luigi Sturzo.$nI serie,$pOpere ;$v12.$0(OLS)http://pul/title/21258 850 $aPUL 852 $aPUL$W1$xDP1 Fondo De Girolamo$y124$m1 C 31.1.12$j193324$qFondi$B198798$CPULBib$Z2$F198798 $81 941 1 $a1 996 $6245$aDel metodo sociologico, 1950 ; Studi e polemiche di sociologia, 1933-1958$9(OLS)http://pul/title/211257 996 $6246$aStudi e polemiche di sociologia, 1933-1958$9(OLS)http://pul/title/211258 996 $6260$aBologna :$bZanichelli$9(OLS)http://pul/publisher/48255